[Event "European-ch Seniors 2018"]
[Site "Drammen"]
[Date "2018.08.12"]
[Round "9"]
[White "Zimmermann, Luc"]
[Black "Agdestein, Simen"]
[Result "0-1"]
[WhiteElo "2184"]
[BlackElo "2576"]
[Annotator "TA"]
[PlyCount "72"]
[EventDate "2018.08.04"]
[EventType "swiss"]
[EventCountry "NOR"]
[SourceTitle "playchess.com"]
[Source "ChessBase"]
[SourceQuality "1"]

{[%evp 17,71,23,48,51,93,91,93,109,95,83,126,135,134,121,151,94,100,116,212,214,211,196,210,174,230,145,94,131,110,0,0,0,272,-233,-213,-535,-85,-89,-81,-161,-87,-256,-267,-1040,-1054,-1015,-1008,-29977,-29955,-29992,-29993,-29993,-29994,-29994,-29995,-29999]} 1. e4 e5 2. Bc4 Nf6 3. d3 c6 4. Nf3 d5 5. Bb3 Bb4+ 6. Bd2 Bxd2+ 7. Nbxd2 Nbd7 {C24: Bishop's Opening: 2...Nf6} (7... a5 8. c3 Nbd7 9. exd5 cxd5 10. O-O O-O 11. Re1 Re8 12. Nf1 b5 13. a4 b4 14. cxb4 axb4 15. Ne3 {1-0 (77) Carlsen,M (2843)-Caruana,F (2822) Stavanger 2018}) 8. O-O O-O 9. Re1 d4 {LiveBook: 4 Games. White has an edge.} 10. c3 dxc3 11. bxc3 b5 $146 ({Predecessor:} 11... Qc7 12. d4 b5 13. Rc1 Bb7 14. c4 b4 15. c5 {1-0 (23) Berzinsh,R (2395)-Hellsten,J (2315) Bratislava 1993}) 12. d4 Qe7 13. dxe5 Ng4 14. e6 $1 {[%cal Re6d7]} fxe6 15. e5 $1 c5 16. Qe2 (16. a4 $142) 16... Rb8 $16 17. a4 a6 (17... b4 $16) 18. axb5 $18 axb5 19. Bc2 $1 g6 20. Ra7 $1 Qd8 (20... Nh6 $142 21. Rea1 Rb6) 21. h4 {aiming for Qe4.} Qb6 22. Rea1 {Threatens to win with Qe4.} c4 {[#]} 23. Ne4 (23. h5 $1 $16) 23... Bb7 24. h5 gxh5 $2 {[%mdl 8192]} (24... Ndxe5 $11 {and Black stays safe.} 25. Nxe5 Nxe5) 25. Nfg5 $4 {[%mdl 8192]} (25. Qd2 $18 Rf7 26. Nfg5 (26. Nd6 Rxf3 27. Rxb7 Qxf2+ 28. Qxf2 Rxf2 $11)) 25... Ndxe5 $19 26. Nxh7 $2 (26. Nf3 Nd3 27. Neg5) 26... Rf7 $2 (26... Kxh7 $19 {is more deadly.} 27. R1a6 Qc7) 27. Nhg5 $17 Rg7 $36 {[%mdl 2048] And now ...Kh8 would win. Keeping White busy.} 28. Qd2 (28. Nf6+ $17 {was the only chance.} Nxf6 29. Qxe5 Qxf2+ 30. Kxf2 Ng4+ 31. Kf1 Nxe5 32. Nxe6 Bxg2+ 33. Kf2 Rxa7 34. Rxa7) 28... Rd8 (28... Rd7 $19 29. Rxb7 Qxb7) 29. Qe2 $2 (29. R1a6 $17 {was the only defense.} Bxa6 30. Rxg7+ Kxg7 {[#]} 31. Qxd8 $1 {[%mdl 512]} Qxd8 32. Nxe6+ Kf7 33. Nxd8+ Ke7 34. f4) 29... Rf8 $19 30. Nxe6 $2 (30. Rxb7 Rxb7 31. Kh1) 30... Qxe6 31. Rxb7 Rxb7 32. Nc5 Qd6 {Black mates.} 33. Nxb7 {[#]} Nf3+ $1 {[%mdl 512]} 34. Qxf3 (34. gxf3 Qh2+) 34... Qh2+ 35. Kf1 Rxf3 36. gxf3 Qxf2# {Precision: White = 38%, Black = 44%.} 0-1

[Event "European-ch Seniors 2018"]
[Site "Drammen"]
[Date "2018.08.12"]
[Round "9"]
[White "Gruzmann, Boris"]
[Black "Ogaard, Leif"]
[Result "1/2-1/2"]
[WhiteElo "2183"]
[BlackElo "2386"]
[Annotator "TA"]
[PlyCount "82"]
[EventDate "2018.08.04"]
[EventType "swiss"]
[EventCountry "NOR"]
[SourceTitle "playchess.com"]
[Source "ChessBase"]
[SourceQuality "1"]

{[%evp 22,82,37,14,41,35,70,82,67,63,65,-19,-16,-29,-27,-25,-18,-12,11,-31,-36,-77,-72,-79,-74,-87,-87,-84,-50,-70,-44,-93,-89,-89,-91,-73,-87,-162,-150,-190,-93,-143,-150,-126,-9,-13,-16,-10,0,0,0,-15,-8,-56,0,0,0,0,0,0,0,0,9]} 1. e4 c5 2. Nf3 e6 3. d4 cxd4 4. Nxd4 Nc6 5. Nb5 d6 6. c4 Nf6 7. N1c3 a6 8. Na3 Be7 9. Be2 O-O 10. O-O b6 11. Be3 Bb7 12. f3 {LiveBook: 95 Games} Nb4 {B44: Sicilian: Taimanov: 5 Nb5} (12... Ne5 13. Qd2 Qc7 14. Rac1 Rac8 15. Rfd1 Rfe8 16. Bf1 Ned7 17. Kh1 Qb8 18. Bf4 Ne5 19. Bg5 Red8 20. Be3 Ned7 21. Qf2 Ba8 22. Rd2 h6 23. Rcd1 Qc7 24. Nc2 Re8 25. a3 Bb7 {½-½ (55) Henriquez Villagra,C (2500)-Potkin,V (2574) St Petersburg 2017}) 13. Nc2 $146 ({Predecessor:} 13. Qd2 d5 14. cxd5 exd5 15. e5 Nd7 16. f4 Bc5 17. Bf3 Qe7 18. Bxc5 Nxc5 19. Ne2 Ne4 20. Qe3 {½-½ (30) Liberzon,V-Bukal,V Sarajevo 1970}) 13... d5 14. cxd5 exd5 {White is better.} 15. Nxb4 Bxb4 16. Nxd5 (16. e5 $14 Re8 17. Bd4) 16... Bxd5 $11 17. exd5 Nxd5 18. Bd2 Bc5+ 19. Kh1 Qh4 20. Qe1 (20. Qb3 {is more complex.} Nc7 21. Rad1 Ne6 22. Bc4 Nd4 23. Qe3) 20... Qf6 21. Bc3 Nxc3 22. bxc3 Rfe8 23. Qd2 Rad8 24. Qc2 Qh6 25. f4 Be3 $36 {[%mdl 2048] [#] Hoping for ...Rd2. Black is pushing.} 26. Qf5 b5 27. Rad1 Bd2 28. Bg4 Qc6 29. Rf3 (29. Bf3 $17 Qc4 30. Qc2) 29... g6 $19 30. Qc2 f5 (30... b4 $19 {[%cal Rb4c3]} 31. c4 h5) 31. Rd3 {[#] Threatens to win with Bf3.} Qe4 $1 {[%cal Re4e1] ( -> ...Qe1+!)} ({Don't play} 31... fxg4 32. R3xd2 Rxd2 33. Qxd2 $15) 32. Rxd8 Rxd8 ({Black should play} 32... Qxc2 $17 33. Rxe8+ Kf7) 33. Qxe4 $11 fxe4 $17 {[%mdl 4096] Endgame KRB-KRB} 34. c4 e3 (34... h5 $5 35. Be2 $8 bxc4 36. Bxc4+ Kg7 $11) 35. cxb5 axb5 36. g3 Ra8 37. Kg2 Kf7 (37... Kf8 $15) 38. Be2 $11 {The position is equal.} b4 39. Bc4+ Kf6 40. Kf3 Rc8 41. Bd3 Rc3 {Precision: White = 47%, Black = 30%.} 1/2-1/2

[Event "European-ch Seniors 2018"]
[Site "Drammen"]
[Date "2018.08.12"]
[Round "9"]
[White "Hedin, Gunnar"]
[Black "Werner, Clemens"]
[Result "0-1"]
[WhiteElo "2179"]
[BlackElo "2258"]
[Annotator "TA"]
[PlyCount "90"]
[EventDate "2018.08.04"]
[EventType "swiss"]
[EventCountry "NOR"]
[SourceTitle "playchess.com"]
[Source "ChessBase"]
[SourceQuality "1"]

{[%evp 9,90,18,16,-8,35,-1,3,-6,8,-58,-81,-148,-147,-142,-164,-147,-128,-158,-18,-45,-31,-43,-27,-34,-27,-52,-55,-74,-79,-142,-128,-258,-262,-274,-63,-63,-58,-72,-72,-70,-43,-35,-33,-39,-16,-46,-27,-45,-8,-16,0,-29,0,0,0,0,0,-7,0,-22,-16,-16,-6,-6,-22,-87,-87,-633,-538,-1067,-1066,-1014,-982,-1761,-1520,-1654,-1543,-1428,-190,-6120,-6095,-6087,-6087]} 1. f4 e5 2. fxe5 d6 3. exd6 Bxd6 4. Nf3 Nf6 5. d4 O-O {LiveBook: 10 Games} 6. Qd3 {A02: Bird's Opening} (6. e3 c5 7. Be2 Nc6 8. O-O Re8 9. Nc3 a6 10. dxc5 Bxc5 11. Qxd8 Rxd8 12. Ne1 Ba7 13. Nd3 Ng4 {½-½ (26) Fister,B (2347)-Ziese,G (2461) ICCF email 2012}) 6... Re8 7. Nc3 Nc6 {Threatens to win with ...Nb4.} 8. a3 $1 {The position is equal.} Bg4 9. Be3 (9. e4 Nxe4 $1 {[%mdl 512]} 10. Nxe4 Bf5 $17) (9. Bg5 $11) 9... Qd7 $146 {[%mdl 1024] Black has compensation.} ({Predecessor:} 9... a6 10. Bf2 b5 11. e3 Qe7 12. Be2 Bh5 13. O-O Bg6 {1-0 (46) Permuy Lorenzo,C (2350)-Hernandez Estevez,Y (2200) Mondariz 1995}) 10. Bg1 (10. Bf2 $142) 10... Bf4 $1 $17 11. e3 Bf5 $1 {[%cal Rf5d3]} 12. Qd2 Ng4 $1 13. Nd1 {[#]} Qe7 (13... Re7 $1 $17 14. d5 Nce5) 14. Bd3 Bxd3 $1 15. Qxd3 Rad8 $36 {[%mdl 2048] Hoping for ...Nxd4! Black has good play.} 16. Kf1 Bh6 ({But not} 16... Nxe3+ $2 17. Nxe3 Bxe3 18. Re1 $18) 17. h3 {[#]} Nge5 $1 {[%cal Re5d3][%mdl 512]} 18. Nxe5 (18. dxe5 Rxd3) 18... Nxe5 19. Qe2 {[#]} (19. Qc3 $142 Ng6 20. Bf2) 19... Ng6 $1 20. Nc3 (20. Qc4 $17 {was necessary.}) 20... Qf6+ $19 ({Less strong is} 20... Bxe3 21. Qxe3 Qxe3 22. Bxe3 $15) 21. Qf3 {and if Qxf6 works, White does fine.} Qxf3+ $2 ({Black should try} 21... Qb6 $19 22. Rb1 Nh4) 22. gxf3 $15 Bxe3 23. Bxe3 Rxe3 24. Kf2 Re7 (24... Re6 {looks sharper.} 25. d5 Rb6 26. b3 Rbd6 27. Rad1 Ne7) 25. Rad1 Kf8 26. Ne2 Nh4 27. Rd3 Nf5 28. Rhd1 Red7 29. d5 a5 30. Nd4 Nxd4 (30... Nd6 $5 {[%cal Rd6c4]} 31. Re1 Nc4 32. Ne6+ fxe6 33. dxe6 Rxd3 34. e7+ Kf7 35. cxd3 Re8 36. dxc4 Rxe7 $11) 31. Rxd4 $11 {[%mdl 4096] Endgame KRR-KRR} b6 32. c4 a4 33. Re1 Re8 34. Rxe8+ (34. Rc1 {is more complex.} g6 35. c5 Red8 36. cxb6 cxb6 37. Rc6) 34... Kxe8 {KR-KR} 35. Rh4 h6 $1 36. Ke3 Re7+ 37. Kd4 (37. Kd3 $1 $11) 37... Re2 $17 38. Re4+ $2 {[%mdl 8192]} (38. Kc3 $17) 38... Rxe4+ $19 39. Kxe4 {KP-KP} Ke7 40. Ke5 g6 41. f4 f6+ 42. Ke4 Kd6 43. h4 Kc5 $2 (43... g5 44. fxg5 fxg5 45. hxg5 hxg5) 44. Kd3 $2 (44. f5 g5 45. hxg5 hxg5 46. Kd3) 44... g5 45. hxg5 hxg5 {Precision: White = 29%, Black = 54%.} 0-1

[Event "European-ch Seniors 2018"]
[Site "Drammen"]
[Date "2018.08.12"]
[Round "9"]
[White "Blomstrom, Lars"]
[Black "Van den Bersselaar, Henri"]
[Result "1/2-1/2"]
[WhiteElo "2167"]
[BlackElo "1897"]
[Annotator "NA"]
[PlyCount "49"]
[EventDate "2018.08.04"]
[EventType "swiss"]
[EventCountry "NOR"]
[SourceTitle "playchess.com"]
[Source "ChessBase"]
[SourceQuality "1"]
[TimeControl "40/5400+30:1800+30"]

1. Nf3 {[%emt 0:00:00]} d5 {[%emt 0:00:00]} 2. g3 {[%emt 0:00:04]} Nf6 {[%emt 0:00:00]} 3. Bg2 {[%emt 0:00:06]} e6 {[%emt 0:02:00]} 4. O-O {[%emt 0:00:36]} c5 {[%emt 0:00:47]} 5. d3 {[%emt 0:00:44]} Be7 {[%emt 0:00:26]} 6. Nbd2 {[%emt 0:00:27]} Nc6 {[%emt 0:02:30]} 7. e4 {[%emt 0:02:12]} dxe4 {[%emt 0:01:45]} 8. dxe4 {[%emt 0:00:14]} O-O {[%emt 0:01:21]} 9. Re1 {[%emt 0:08:20]} Qc7 {[%emt 0:01:51]} 10. c3 {[%emt 0:07:44]} b6 {[%emt 0:06:51]} 11. Qe2 {[%emt 0:04:12]} Rd8 {[%emt 0:04:57]} 12. e5 {[%emt 0:09:13]} Nd7 {[%emt 0:00:32]} 13. Nf1 {[%emt 0:01:27]} Nf8 {[%emt 0:03:57]} 14. h4 {[%emt 0:00:37]} Bb7 {[%emt 0:00:39]} 15. h5 {[%emt 0:10:42]} Qd7 {[%emt 0:07:42]} 16. N1h2 {[%emt 0:10:28]} Qd3 {[%emt 0:01:29]} 17. Qxd3 {[%emt 0:00:54]} Rxd3 {[%emt 0:00:09]} 18. Bf1 {[%emt 0:05:10]} Rd5 {[%emt 0:08:14]} 19. Bc4 {[%emt 0:06:21]} Rd7 {[%emt 0:00:00]} 20. Bf4 {[%emt 0:03:37]} Rad8 {[%emt 0:01:48]} 21. Be2 {[%emt 0:06:33]} h6 {[%emt 0:05:12]} 22. Ng4 {[%emt 0:02:19]} Nh7 {[%emt 0:05:54]} 23. Rad1 {[%emt 0:00:42]} Na5 {[%emt 0:07:07]} 24. Rxd7 {[%emt 0:02:16]} Rxd7 {[%emt 0:01:21]} 25. Rd1 {[%emt 0:02:52]} 1/2-1/2

[Event "European-ch Seniors 2018"]
[Site "Drammen"]
[Date "2018.08.12"]
[Round "9"]
[White "Moe, Mogens"]
[Black "Lederman, Leon"]
[Result "0-1"]
[WhiteElo "2150"]
[BlackElo "2245"]
[Annotator "TA"]
[PlyCount "84"]
[EventDate "2018.08.04"]
[EventType "swiss"]
[EventCountry "NOR"]
[SourceTitle "playchess.com"]
[Source "ChessBase"]
[SourceQuality "1"]

{[%evp 22,84,-17,-27,-16,-28,-26,-31,-17,-103,-109,-128,-127,-366,-391,-391,-374,-359,-360,-446,-420,-520,-489,-615,-619,-720,-744,-743,-762,-698,-693,-774,-726,-946,-942,-939,-932,-1226,-588,-1136,-1149,-2457,-2365,-5306,-3010,-29980,-29981,-29981,-29981,-29941,-12750,-6433,-5734,-5373,-3306,-5389,-4543,-3790,-3370,-6030,-4623,-6740,-6303,-5397,-5389]} 1. e4 c5 2. Nf3 d6 3. d4 cxd4 4. Nxd4 Nf6 5. Nc3 a6 6. Bg5 Nbd7 7. f4 b5 8. Be2 {B94: Sicilian Najdorf: 6 Bg5 Nbd7} (8. Qe2 e5 9. Nf5 Bb7 10. O-O-O Qb6 11. fxe5 dxe5 12. g3 b4 13. Nd5 Nxd5 14. exd5 Qg6 15. h4 Qxf5 {½-½ (115) Naiditsch,A (2664)-Izoria,Z (2647) Kusadasi 2006}) 8... Bb7 9. Bf3 Qc7 10. a3 e6 11. O-O Be7 12. Kh1 {LiveBook: 4 Games} O-O 13. Qe1 h6 14. Bh4 Nb6 15. Bxf6 $146 (15. a4 $11) ({Predecessor:} 15. e5 Ne8 16. Bxb7 Qxb7 17. Bg3 g6 18. Ne4 Qd7 19. Rd1 {0-1 (45) Essaulov,V (2086)-Dubonosov,E Moscow 2008}) 15... Bxf6 $17 16. e5 dxe5 {[%cal Bd6e5,Be5d4,Bd4c3,Bc3b2][%mdl 32]} 17. Bxb7 $2 {[#]} (17. fxe5 $17 Be7 18. Bxb7 Qxb7 19. Qg3) 17... exd4 $19 ({Less strong is} 17... Qxb7 18. fxe5 Be7 19. Qg3 $15) 18. Bxa8 dxc3 ({Weaker is} 18... Rxa8 19. Ne4 $11) 19. Be4 cxb2 20. Rd1 Na4 21. f5 Re8 22. Bd5 e5 23. Qg3 Nc3 24. Bb3 Nxd1 25. Rxd1 Rd8 26. Rb1 Qd7 27. Qe1 Qd4 28. c3 Qd2 29. Kg1 Qxe1+ 30. Rxe1 {[%mdl 4096] Endgame [#] KRB-KRB} e4 $1 {[%cal Be5e4,Be4e3][%mdl 32]} 31. c4 (31. Rxe4 b1=Q+) 31... Rd2 32. cxb5 axb5 33. g3 Bd4+ 34. Kh1 e3 35. a4 Rd3 (35... bxa4 $142 36. Ba2 Rc2 37. Kg1 Rc1 38. Kf1 Bc3 39. Rd1 Rxd1+ 40. Ke2 b1=Q 41. Bxb1 Rxb1 42. h4 a3 43. g4 Bd4 44. g5 Rb2+ 45. Kd3 e2 46. gxh6 e1=Q 47. h7+ Kxh7 48. Kxd4 a2 49. Kd5 Rc2 50. h5 a1=Q 51. Kd6 Qd4#) 36. Ba2 {Black is clearly winning.} bxa4 {[%cal Bb5a4,Ba4a3][%mdl 32]} 37. Kg2 Rc3 38. Kf3 Rc1 39. Ke2 Bc3 40. Rd1 Bd2 41. h3 a3 42. g4 Ra1 {Precision: White = 16%, Black = 89%.} 0-1

[Event "European-ch Seniors 2018"]
[Site "Drammen"]
[Date "2018.08.12"]
[Round "9"]
[White "Holst, Conny"]
[Black "Elseth, Roar"]
[Result "1-0"]
[WhiteElo "2147"]
[BlackElo "2311"]
[Annotator "TA"]
[PlyCount "137"]
[EventDate "2018.08.04"]
[EventType "swiss"]
[EventCountry "NOR"]
[SourceTitle "playchess.com"]
[Source "ChessBase"]
[SourceQuality "1"]

{[%evp 22,137,24,20,83,27,29,33,31,31,27,25,29,8,20,0,0,0,0,0,14,0,11,0,31,17,37,31,77,66,71,75,72,15,8,-200,-195,-172,-16,-95,-96,-97,-106,-89,-27,-40,-32,-35,-27,-48,-53,-106,-106,-106,-106,-102,-85,-106,-109,-106,-97,-104,-85,-260,-56,-125,-109,-110,-22,-30,0,-8,0,-66,0,0,0,0,0,0,0,0,0,0,0,0,0,0,0,-2,-2,-2,-2,-36,-32,-153,-108,-172,0,0,0,0,0,-249,183,-37,0,0,473,458,468,460,466,460,29991,29992,29992,29993]} 1. d4 d5 2. c4 e6 3. Nc3 Be7 4. Nf3 Nf6 5. Bg5 h6 6. Bh4 O-O 7. e3 b6 8. Qc2 Bb7 9. cxd5 exd5 10. Bd3 c5 11. O-O {D58: Queen's Gambit Declined: Tartakower Defence} Nc6 12. a3 {LiveBook: 4 Games} Re8 (12... c4 $11 {remains equal.} 13. Bf5 Nh5) (12... a6 13. dxc5 bxc5 14. Rfd1 d4 15. Bxf6 Bxf6 16. Ne4 dxe3 17. Nxc5 exf2+ 18. Kf1 Qb8 {1-0 (51) Ivanchuk,V (2781)-Karpov,A (2651) Moscow 2008}) 13. Rad1 (13. dxc5 $16 bxc5 14. Rad1) 13... cxd4 14. exd4 Nh5 $146 ({Predecessor:} 14... Kh8 15. Bb5 a6 16. Bxc6 Bxc6 17. Ne5 Qc8 18. Nxf7+ Kg8 19. Nxh6+ {1-0 (29) Dunnington,A (2430)-Dumitrache,S (2250) Cappelle-la-Grande 1994}) 15. Bxe7 Rxe7 16. Bb5 Qd6 17. Qf5 Nf6 18. Bxc6 Bxc6 19. Ne5 Bb7 20. Rfe1 Rae8 21. Re3 a6 22. Rde1 Bc8 23. Qf3 b5 24. h3 Be6 25. Nd3 Ne4 26. Nxe4 dxe4 27. Qxe4 (27. Rxe4 $16 {Threatening Qe3.} Bd5 28. Rxe7 Rxe7 29. Qg3 Rxe1+ 30. Nxe1 Qxg3 31. fxg3) 27... Bxh3 $1 $11 28. Qxe7 $2 (28. Qf3 $11 {and White stays safe.} Be6 29. Nb4) 28... Rxe7 $19 29. Rxe7 Qxd4 $2 (29... Bxg2 $1 $19 {And now ...Bc6 would win.} 30. R7e3 (30. Re8+ $2 Kh7 $19) 30... Bb7) 30. R1e3 (30. R7e3 $11 Be6 31. b4) 30... Bf5 $1 $17 {[%cal Rf5d3]} 31. Ne5 Be6 32. b4 Kh7 ({Better is} 32... Qd1+ $17 33. Kh2 Qd8) 33. Nf3 Qd1+ 34. Re1 Qd8 35. Ra7 Qb6 $36 {[%mdl 2048] Black has the initiative.} 36. Re7 {[#]} (36. Ra8 $1 $15) 36... a5 $1 37. bxa5 Qxa5 38. Re3 Qd8 39. Ra7 Qb6 40. Re7 Qc5 41. Re8 Qc1+ 42. Kh2 $2 (42. Ne1 $17) 42... Bd5 $2 ({Black should play} 42... Qc6 $19 43. R8xe6 fxe6) 43. R8e7 {[#]} (43. R8e5 $15 Bxf3 44. gxf3) 43... Qf1 $1 44. Kg3 f5 ({Black should try} 44... Qh1 $17 45. Rd7 Bc4) 45. R3e5 $1 $11 {[%cal Re5d5]} Be4 (45... Bxf3 $5 46. Kxf3 Qd3+ 47. Re3 Qd5+ 48. Ke2 f4 $17) 46. Rd7 Bc6 47. Rd6 (47. Rf7 $1 $11) 47... Qc4 (47... Qc1 $1 $15 48. Rxf5 Be4) 48. Rxf5 Be4 49. Re5 Qc7 50. Rde6 $1 Bd5 51. Re7 Qd6 52. Nh4 Be4 $1 53. f3 Bd3 54. f4 {Black should prevent Ra7.} Qxa3 55. Re3 {Nf5! is the strong threat.} Qd6 56. R7e6 Qd5 57. R6e5 Qc4 58. f5 (58. Re8 $15) 58... Qc7 59. Kf2 (59. Kh3 $17) 59... Qc2+ $2 (59... b4 $19 {Strongly threatening ...b3.} 60. Re8 Qf4+ 61. Kg1 Qf1+ 62. Kh2 Bxf5 63. Nxf5 Qxf5) 60. Kg3 b4 {[#] Hoping for ...b3.} 61. f6 $1 {[%cal Rf6f7][%mdl 512]} Qc7 (61... gxf6 62. Re7+) 62. Kf2 $2 (62. f7 $1 $11 {and White has nothing to worry.} b3 63. f8=N+ (63. f8=Q b2 $15) 63... Kg8 64. Ne6) 62... Qf7 $4 {[%mdl 8192]} (62... b3 $19 {avoids the disaster.} 63. Re7 Qf4+ 64. Nf3 Qxf6 65. Rxd3 Qxe7 66. Rxb3 Qc5+ 67. Re3 Kg6) 63. Nf3 $2 (63. Rxd3 $18 {Black must now prevent Rd6.} Qxf6+ 64. Nf3) 63... Bc4 (63... Bg6 $5 {[%cal Rf7f6]} 64. Rb5 Qxf6 65. Rxb4 Qc6 $15) 64. fxg7 $1 b3 $2 {[%mdl 8192] [#]} ({Don't blunder} 64... Qxg7 $2 65. Re7 $18) (64... Qf6 $11 {and Black is okay.}) 65. g8=Q+ $1 {[%mdl 512]} Qxg8 ({Of course not} 65... Kxg8 66. Re8+ Kg7 67. R3e7) 66. Re7+ Kg6 67. Ne5+ Kf6 (67... Kf5 $18 68. Rf3+ Ke4 69. Nxc4+ Kd5 70. Ne3+ Kc5 71. Re5+ Kd6) 68. Nd7+ Kf5 69. Rf3+ {Precision: White = 38%, Black = 41%.} 1-0

[Event "European-ch Seniors 2018"]
[Site "Drammen"]
[Date "2018.08.12"]
[Round "9"]
[White "Bjerke, Richard"]
[Black "Blechzin, Igor"]
[Result "1/2-1/2"]
[WhiteElo "2141"]
[BlackElo "2250"]
[Annotator "TA"]
[PlyCount "42"]
[EventDate "2018.08.04"]
[EventType "swiss"]
[EventCountry "NOR"]
[SourceTitle "playchess.com"]
[Source "ChessBase"]
[SourceQuality "1"]

{[%evp 23,24,-9,0]} 1. d4 Nf6 2. c4 e6 3. Nf3 d5 4. Nc3 Be7 5. Bg5 O-O 6. e3 h6 7. Bh4 b6 8. Be2 Bb7 9. Bxf6 Bxf6 10. cxd5 exd5 11. b4 c6 12. O-O Nd7 {LiveBook: 45 Games} {Predecessor:} 13. Qb3 $146 b5 14. a4 a6 15. a5 g6 16. Rac1 Bg7 17. Rc2 Qe7 18. Bd3 Nf6 19. Rfc1 Rfd8 20. Ne5 Nd7 21. Nxd7 Rxd7 {½-½ (51) Ivanchuk,V (2733)-Karjakin,S (2776) Beijing 2013} 1/2-1/2

[Event "European-ch Seniors 2018"]
[Site "Drammen"]
[Date "2018.08.12"]
[Round "9"]
[White "Ludviksson, Johannes"]
[Black "Furman, Boris"]
[Result "1-0"]
[WhiteElo "2024"]
[BlackElo "2242"]
[Annotator "NA RC"]
[PlyCount "93"]
[EventDate "2018.08.04"]
[EventType "swiss"]
[EventCountry "NOR"]
[SourceTitle "playchess.com"]
[Source "ChessBase"]
[SourceQuality "1"]
[TimeControl "40/5400+30:1800+30"]

1. Nf3 {[%emt 0:00:00]} d5 {[%emt 0:00:00]} 2. d4 {[%emt 0:00:00]} Nf6 {[%emt 0:00:00]} 3. Bf4 {[%emt 0:00:00]} e6 {[%emt 0:00:20]} 4. e3 {[%emt 0:00:00]} c5 {[%emt 0:00:34]} 5. c3 {[%emt 0:00:09]} Nc6 {[%emt 0:00:11]} 6. Nbd2 {[%emt 0:01:14]} Bd6 {[%emt 0:00:11]} 7. Bxd6 {[%emt 0:00:28]} Qxd6 {[%emt 0:00:07]} 8. Bb5 {[%emt 0:01:08]} O-O {[%emt 0:00:44]} 9. O-O {[%emt 0:00:08]} Nd7 {[%emt 0:11:50]} 10. a3 {[%emt 0:14:39]} e5 {[%emt 0:03:01]} 11. dxe5 {[%emt 0:05:34]} Ndxe5 {[%emt 0:04:20]} 12. Nxe5 {[%emt 0:01:03]} Qxe5 {[%emt 0:04:10]} 13. Nf3 {[%emt 0:00:50]} Qh5 {[%emt 0:02:03]} 14. Qa4 {[%emt 0:05:56]} Bd7 {[%emt 0:08:49]} 15. Rad1 {[%emt 0:02:26]} Rfe8 {[%emt 0:08:44]} 16. Qf4 {[%emt 0:06:06]} Bg4 {[%emt 0:13:41]} 17. Be2 {[%emt 0:08:16]} Re4 {[%emt 0:08:14]} 18. Qg3 {[%emt 0:02:03]} Ne7 {[%emt 0:08:27]} 19. h3 {[%emt 0:02:21]} Be6 {[%emt 0:02:31]} 20. Qd6 {[%emt 0:12:22]} Ng6 {[%emt 0:03:32]} 21. Nd4 {[%emt 0:09:47]} Qg5 {[%emt 0:01:47]} 22. Nxe6 {[%emt 0:00:24]} fxe6 {[%emt 0:00:19]} 23. Bd3 {[%emt 0:02:58]} Rh4 {[%emt 0:01:27]} 24. Qxe6+ {[%emt 0:00:30]} Kh8 {[%emt 0:00:48]} 25. Bxg6 {[%emt 0:00:09]} hxg6 {[%emt 0:00:24]} 26. Rxd5 {[%emt 0:00:08]} Qf6 {[%emt 0:01:06]} 27. Qxf6 {[%emt 0:00:53]} gxf6 {[%emt 0:00:04]} 28. Rfd1 {[%emt 0:00:21]} Re4 {[%emt 0:03:50]} 29. Rd8+ {[%emt 0:00:21]} Re8 {[%emt 0:00:12]} 30. R8d7 {[%emt 0:00:15]} b6 {[%emt 0:00:54]} 31. Kf1 {[%emt 0:00:05]} g5 {[%emt 0:03:44]} 32. R1d6 {[%emt 0:00:26]} Rf8 {[%emt 0:00:42]} 33. Ke2 {[%emt 0:00:16]} Kg8 {[%emt 0:00:08]} 34. Re7 {[%emt 0:00:22]} Rf7 {[%emt 0:00:32]} 35. Red7 {[%emt 0:01:12]} Kg7 {[%emt 0:00:15]} 36. e4 {[%emt 0:00:38]} Kg6 {[%emt 0:02:33]} 37. Ke3 {[%emt 0:00:18]} Rff8 {[%emt 0:00:21]} 38. Re6 {[%emt 0:02:10]} Rf7 {[%emt 0:00:21]} 39. Rdd6 {[%emt 0:00:25]} g4 {[%emt 0:04:15]} 40. hxg4 {[%emt 0:00:00]} Kg5 {[%emt 0:00:00]} 41. Kf3 {[%emt 0:01:09]} Rh8 {[%emt 0:00:32]} 42. Rd5+ {[%emt 0:00:24]} Kg6 {[%emt 0:00:26]} 43. g5 {[%emt 0:00:12]} Rh1 {[%emt 0:01:38]} 44. Rxf6+ {[%emt 0:00:11]} Rxf6+ {[%emt 0:00:06]} 45. gxf6 {[%emt 0:00:07]} Kxf6 {[%emt 0:00:11]} 46. Rd7 {[%emt 0:00:40]} Rb1 {[%emt 0:00:11]} 47. Rd2 {[%emt 0:00:08]} 1-0